书目信息 |
| 题名: |
铌和钽的冶金分析
|
|
| 作者: | ;冶金工业部科学科技情报产品标准研究所 编 | |
| 分册: | ||
| 出版信息: | 北京 中国工业出版社 1972 |
|
| 页数: | 159页 | |
| 开本: | 19cm | |
| 丛书名: | ||
| 单 册: | ||
| 中图分类: | TG146.4 | |
| 科图分类: | ||
| 主题词: | 铌--金属分析 , 钽--金属分析 | |
| 电子资源: | ||
| ISBN: | 15062.3029 | |
| 000 | 00811cam0 2200253 450 | |
| 001 | 0105509021 | |
| 005 | 20130614154042.0 | |
| 010 | @a15062.3029@dCNY0.55 | |
| 091 | @a15062.3029 | |
| 100 | @a20021005d1972 em y0chiy0110 ea | |
| 101 | 0 | @achi |
| 102 | @aCN@b110000 | |
| 105 | @afk z 000yy | |
| 106 | @ar | |
| 200 | 1 | @a铌和钽的冶金分析@9Ni He;Huo;Hu Tan De;Di Ye Jin Fen Xi @f冶金工业部科学科技情报产品标准研究所编@b专著 |
| 210 | @a北京@c中国工业出版社@d1972 | |
| 215 | @a159页@c图表@d19cm | |
| 606 | 0 | @a铌@x金属分析 |
| 606 | 0 | @a钽@x金属分析 |
| 690 | @aTG146.4@v3 | |
| 711 | 02 | @a冶金工业部科学科技情报产品标准研究所@9ye jin gong ye bu ke xue ke ji qing bao chan pin biao zhun yan jiu suo@4编 |
| 801 | 0 | @aCN@b广东省中山图书馆 |
| 801 | 2 | @aCN@bAiZhiMarc |
| 905 | @aBZT@dTG146.4@e4@f2@sTG146.4/4 | |
| 铌和钽的冶金分析/冶金工业部科学科技情报产品标准研究所编.-北京:中国工业出版社,1972 |
| 159页:图表;19cm |
| ISBN 15062.3029:CNY0.55 |
| ● |
| 相关链接 |
|
|
|
正题名:铌和钽的冶金分析
索取号:TG146.4/4
 
预约/预借
| 序号 | 登录号 | 条形码 | 馆藏地/架位号 | 状态 | 备注 |
| 1 | 2000131956 | 2000131956 | 旧书回溯/ [索取号:TG146.4/4] | 在馆 | |
| 2 | 2000131959 | 2000131959 | 旧书回溯/ [索取号:TG146.4/4] | 在馆 |